Pays se terminant par "S" - Statistiques

Statistiques générales
  • Ce quiz a été pris 248 fois
  • Le résultat moyen est 9 sur 13
Statistiques - réponses
Réponse % Correct
Etats-Unis
91%
Bahamas
76%
Laos
71%
Seychelles
70%
Comores
67%
Palaos
67%
Saint-Christophe-et-Niévès
67%
Honduras
66%
Pays Bas
65%
Émirats arabes unis
64%
Saint-Vincent-et-les-Grenadines
64%
Philippines
61%
Maldives
59%
Aucun quiz correspondant
Distribution des résultats
% des personnes avec chaque résultat
Percentile par nombre de réponses
Votre historique - résultats
Vous n’avez pas pris ce quiz